00566cam a22001812 4500001001100000005001700011008004100028020001700069040001500086050002000101245008700121250001200208260004500220300001500265650003900280700003200319700003300351000000333320151217151922.0070503s xx 000 0 eng d a0030193826 : aKABUcKABU 0aJF51b.C53 199710aClassics of public administration /c[edited by] Jay M. Shafrith, Albert C. Hyder. a4th ed. aFort Worth, TX :bHarcourt Brace,c1997. axi, 596 p. 0aPublic administration.@00001531621 aShafrith, J. M.@00001531631 aHyder, Albert C.@0000153164